[Event "Ruhrgebiet Bezirksliga 17/18"]
[Site "Ruhrgebiet"]
[Date "2018.04.08"]
[Round "9.7"]
[White "Timpte, Susanne"]
[Black "Moeller, Manuel"]
[Result "1-0"]
[WhiteElo "1575"]
[BlackElo "1489"]
[PlyCount "87"]
[EventDate "2017.09.03"]
[EventType "team-tourn"]
[EventRounds "9"]
[EventCountry "GER"]
[SourceTitle "EXT 2022"]
[Source "ChessBase"]
[SourceDate "2021.10.06"]
[SourceVersion "1"]
[SourceVersionDate "2021.10.06"]
[SourceQuality "1"]
[WhiteTeam "Werne SK"]
[BlackTeam "Kamen SV III"]
[WhiteTeamCountry "GER"]
[BlackTeamCountry "GER"]

1. c4 Nf6 2. Nc3 g6 3. g3 Bg7 4. Bg2 0-0 5. e3 c6 6. Nge2 d5 7. cxd5 Nxd5 8. d4 Re8 9. 0-0 Be6 10. a3 Nd7 11. e4 Nxc3 12. Nxc3 Nb6 13. d5 cxd5 14. exd5 Bf5 15. Re1 Qc7 16. Bf4 Qd7 17. Qb3 Bd3 18. Qd1 Bc4 19. Be5 Rad8 20. Bxg7 Kxg7 21. Qd4+ Kg8 22. Rad1 Bb3 23. Rd3 Rc8 24. Rde3 Rc7 25. Ne4 Rc4 26. Nf6+ exf6 27. Rxe8+ Kg7 28. Qd3 Bc2 29. Qd2 Ba4 30. R8e7 Qd6 31. Rxb7 Rc2 32. Qd4 Bc6 33. Rxa7 Nxd5 34. Bxd5 Qxd5 35. Qxd5 Bxd5 36. b4 Rb2 37. Rd1 Bf3 38. Re1 Rb3 39. Ra1 h5 40. Re7 Bd5 41. Ree1 f5 42. Reb1 Rc3 43. b5 Be4 44. Rb2 1-0

[Event "Ruhrgebiet Bezirksliga 15/16"]
[Site "Ruhrgebiet"]
[Date "2016.01.10"]
[Round "6.7"]
[White "Knoepper, Werner"]
[Black "Timpte, Susanne"]
[Result "1/2-1/2"]
[WhiteElo "1588"]
[BlackElo "1620"]
[PlyCount "68"]
[EventDate "2015.08.30"]
[EventType "team-tourn"]
[EventRounds "9"]
[EventCountry "GER"]
[SourceTitle "EXT 2022"]
[Source "ChessBase"]
[SourceDate "2021.10.06"]
[SourceVersion "1"]
[SourceVersionDate "2021.10.06"]
[SourceQuality "1"]
[WhiteTeam "Kamen SV III"]
[BlackTeam "Werne SK"]
[WhiteTeamCountry "GER"]
[BlackTeamCountry "GER"]

1. c4 c5 2. Nc3 Nc6 3. g3 g6 4. Bg2 Bg7 5. Nf3 e6 6. Ne4 d6 7. 0-0 Nge7 8. Qc2 0-0 9. d3 h6 10. Bd2 Kh7 11. Rad1 Rb8 12. Bc3 e5 13. a3 f5 14. Ned2 Nd4 15. Bxd4 exd4 16. b4 b6 17. b5 d5 18. Rfe1 dxc4 19. Nxc4 Qc7 20. e3 dxe3 21. Rxe3 f4 22. Ree1 fxg3 23. hxg3 Bg4 24. Qe2 Nd5 25. Ng5+ hxg5 26. Qxg4 Nc3 27. Rc1 Nxb5 28. Qxg5 Bf6 29. Qg4 Qc8 30. Re6 Qc7 31. Be4 Qg7 32. Re1 Nd4 33. Rd6 Rbd8 34. Rxd8 Rxd8 1/2-1/2

[Event "Ruhrgebiet Bezirksliga 15/16"]
[Site "Ruhrgebiet"]
[Date "2015.10.25"]
[Round "3.6"]
[White "Timpte, Susanne"]
[Black "Boelling, Andreas"]
[Result "1/2-1/2"]
[WhiteElo "1620"]
[BlackElo "1712"]
[PlyCount "81"]
[EventDate "2015.08.30"]
[EventType "team-tourn"]
[EventRounds "9"]
[EventCountry "GER"]
[SourceTitle "EXT 2022"]
[Source "ChessBase"]
[SourceDate "2021.10.06"]
[SourceVersion "1"]
[SourceVersionDate "2021.10.06"]
[SourceQuality "1"]
[WhiteTeam "Werne SK"]
[BlackTeam "Hamm SVg II"]
[WhiteTeamCountry "GER"]
[BlackTeamCountry "GER"]

1. c4 g6 2. g3 Bg7 3. Bg2 e5 4. Nc3 c6 5. e3 Ne7 6. Nge2 0-0 7. 0-0 d6 8. d4 Nd7 9. d5 c5 10. Rb1 f5 11. b3 e4 12. Bb2 Ne5 13. Nc1 g5 14. N3e2 N7g6 15. f4 exf3 16. Bxf3 Nxf3+ 17. Rxf3 Ne5 18. Bxe5 Bxe5 19. Nd3 Bg7 20. Qd2 Qe8 21. Re1 Qe4 22. Rff1 Bd7 23. Nf2 Qe7 24. Nc3 Rae8 25. Ncd1 b5 26. Qd3 bxc4 27. bxc4 Rb8 28. Qd2 Rb4 29. Qd3 Qe5 30. Re2 Rfb8 31. Qc2 Ba4 32. Qd3 Rb1 33. Qa3 R8b4 34. Nd3 Qa1 35. Nxb4 Rxd1 36. Ref2 Be8 37. Nc2 Rxf1+ 38. Rxf1 Qe5 39. Qd3 Bg6 40. Re1 f4 41. e4 1/2-1/2